El acto final = Til døden os skiller /

שמור ב:
מידע ביבליוגרפי
מחבר ראשי: Steen, Paprika (realización)
מחברים אחרים: Brygmann, Lars (actuación) (actuación), Knudsen, Sidse Babett (actuación) (actuación), Kopernikus, Nicolaj (actuación) (actuación)
פורמט: שקופית
שפה:דנית
נושאים:
תגים: הוספת תג
אין תגיות, היה/י הראשונ/ה לתייג את הרשומה!

MARC

LEADER 00000ngm^a2200000^a^4500
001 000300292
005 20250521000000.0
009 20260310112504.195
037 |a Acervo ITESO - Biblioteca 
041 |a DAN 
082 |a 810.  |b STE 
100 |a Steen, Paprika  |e (realización) 
245 1 3 |a El acto final =  |b Til døden os skiller /  |c Realización de P. Steen. 
264 2 |a México :  |b Zima Entertainment [distribución],  |c copyright fecha no identificada 
300 |a 1 DVD regiones 1 y 4  |c (95 min.) 
336 |a imagen móvil bidimensional  |b tdi  |2 rdacontenido 
337 |a video  |b v  |2 rdamedio 
338 |a videodisco  |b vd  |2 rdasoporte 
546 |a En danés, con subtítulos opcionales: español 
649 |a XX 
650 |a Cine de Mujeres -  |z Dinamarca 
650 |a Comedias Cinematográficas 
650 |a Cine Danés -  |y 2000-2009 
650 |a Cine Danés -  |y Siglo XXI 
650 |a Matrimonio 
650 |a Relaciones de Pareja 
650 |a Conflicto (Relaciones Personales) 
650 |a Personalidad 
650 |a Psicopatología 
700 |a Brygmann, Lars  |e (actuación) 
700 |a Knudsen, Sidse Babett  |e (actuación) 
700 |a Kopernikus, Nicolaj  |e (actuación) 
910 |a Fondo General 
920 |a Audiovisuales - DVDs 
940 |a Películas 
905 |a 302 
901 |a 0500198626  |b IT2  |c DVS  |i C122398  |u 20250521 
902 |a https://opac.biblio.iteso.mx/vufind/Record/000300292